Why the west rules--for now : (Record no. 15043)

000 -LEADER
fixed length control field 02607nam a2200313 a 4500
001 - CONTROL NUMBER
control field ASIN0312611692
005 - DATE AND TIME OF LATEST TRANSACTION
control field 20170105102909.0
008 - FIXED-LENGTH DATA ELEMENTS--GENERAL INFORMATION
fixed length control field 131025s2011 xxu eng d
020 ## - INTERNATIONAL STANDARD BOOK NUMBER
International Standard Book Number 0312611692 (paperback)
Terms of availability $23.00
020 ## - INTERNATIONAL STANDARD BOOK NUMBER
International Standard Book Number 9780312611699 (paperback)
028 42 - PUBLISHER NUMBER
Publisher number BK23219
Source Picador
040 ## - CATALOGING SOURCE
Original cataloging agency 0
050 04 - LIBRARY OF CONGRESS CALL NUMBER
Classification number CB251
082 04 - DEWEY DECIMAL CLASSIFICATION NUMBER
Classification number 909.09821
100 1# - MAIN ENTRY--PERSONAL NAME
Personal name Morris, Ian.
245 10 - TITLE STATEMENT
Title Why the west rules--for now :
Remainder of title the patterns of history, and what they reveal about the future /
Statement of responsibility, etc. Ian Morris.
250 ## - EDITION STATEMENT
Edition statement Reprint ed.
260 ## - PUBLICATION, DISTRIBUTION, ETC.
Place of publication, distribution, etc. [S.l.] :
Name of publisher, distributor, etc. Picador,
Date of publication, distribution, etc. 2011.
300 ## - PHYSICAL DESCRIPTION
Extent 768 p. ;
Dimensions 21 cm.
520 ## - SUMMARY, ETC.
Summary, etc. A New York Times Notable Book for 2011 Sometime around 1750, English entrepreneurs unleashed the astounding energies of steam and coal, and the world was forever changed. The emergence of factories, railroads, and gunboats propelled the West’s rise to power in the nineteenth century, and the development of computers and nuclear weapons in the twentieth century secured its global supremacy. Now, at the beginning of the twenty-first century, many worry that the emerging economic power of China and India spells the end of the West as a superpower. In order to understand this possibility, we need to look back in time. Why has the West dominated the globe for the past two hundred years, and will its power last? Describing the patterns of human history, the archaeologist and historian Ian Morris offers surprising new answers to both questions. It is not, he reveals, differences of race or culture, or even the strivings of great individuals, that explain Western dominance. It is the effects of geography on the everyday efforts of ordinary people as they deal with crises of resources, disease, migration, and climate. As geography and human ingenuity continue to interact, the world will change in astonishing ways, transforming Western rule in the process. Deeply researched and brilliantly argued, Why the West Rules—for Now spans fifty thousand years of history and offers fresh insights on nearly every page. The book brings together the latest findings across disciplines—from ancient history to neuroscience—not only to explain why the West came to rule the world but also to predict what the future will bring in the next hundred years.
650 #0 - SUBJECT ADDED ENTRY--TOPICAL TERM
Topical term or geographic name entry element Civilization
650 #0 - SUBJECT ADDED ENTRY--TOPICAL TERM
Topical term or geographic name entry element Civilization, Modern
650 #0 - SUBJECT ADDED ENTRY--TOPICAL TERM
Topical term or geographic name entry element Civilization, Western
650 #0 - SUBJECT ADDED ENTRY--TOPICAL TERM
Topical term or geographic name entry element Comparative civilization
650 #0 - SUBJECT ADDED ENTRY--TOPICAL TERM
Topical term or geographic name entry element East and West
650 #0 - SUBJECT ADDED ENTRY--TOPICAL TERM
Topical term or geographic name entry element World history
856 40 - ELECTRONIC LOCATION AND ACCESS
Materials specified Amazon.com
Uniform Resource Identifier <a href="http://www.amazon.com/exec/obidos/ASIN/0312611692/chopaconline-20">http://www.amazon.com/exec/obidos/ASIN/0312611692/chopaconline-20</a>
942 ## - ADDED ENTRY ELEMENTS (KOHA)
Source of classification or shelving scheme
Koha item type Book
Holdings
Withdrawn status Lost status Damaged status Not for loan Collection code Permanent Location Current Location Shelving location Date acquired Total Checkouts Full call number Barcode Date last seen Price effective from Koha item type
          Centre for International Peace & Stability (CIPS) Centre for International Peace & Stability (CIPS) General Stacks 10/01/2013   909.09821 MOR 2010 CIPS0001674 10/25/2013 10/25/2013 Book
© 2023 Central Library, National University of Sciences and Technology. All Rights Reserved.